000 01082cam a2200337 a 4500
999 _c18529
_d18529
001 3446066
003 BDDh-ASL
005 20231015025719.0
008 911002s1979 ii b 001 0 eng
010 _a 91900976
020 _z8185425309 :
_cRs250.00
025 _aI E 64334
040 _aDLC
_cDLC
_dBDDh-ASL
043 _aa-ii---
050 0 0 _aDS479
_b.H38 1991
082 0 0 _a954
_220
_bHAN
100 1 _aHasan, Mushirul.
245 1 0 _aNationalism and communal politics in India, 1885-1930 /
_cby Mushirul Hasan.
260 _aColumbia :
_bSouth Asia Books,
_c1979.
300 _ax, 372 p. ;
_c23 cm.
500 _aIncludes index.
504 _aIncludes bibliographical references (p. [311]-327).
610 2 0 _aIndian National Congress
_xHistory.
650 0 _aNationalism
_zIndia.
650 0 _aMuslims
_xPolitical activity
_zIndia.
651 0 _aIndia
_xPolitics and government
_y1857-1919.
651 0 _aIndia
_xPolitics and government
_y1919-1947.
906 _a7
_bcbc
_corignew
_d3
_encip
_f19
_gy-gencatlg
942 _2ddc
_cBK